000
00239nmm a2200085Ia 4500
008
220120s9999||||xx |||||||||||||||||und||
020
_a
0-07-052929
100
_a
LFY
_9
10674
245
0
_a
July 2009: ERP adempiere, post books erp, open bravo ERP,
999
_c
139692
_d
139692